LEADER 00933nam a2200217 i 4500 001 000000031410 003 CaOOAMICUS 005 20230502144643.0 008 180830s18221823it u000 u ita u 040 $aSeMil$bita 100 1 $aSegneri, Paolo,$c.$0(OLS)http://semarc/name/3164 245 10$aPanegirici del padre Paolo Segneri della Compagnia di Gesł. Volume 1. [-2.]. 260 $aBrescia :$bTipografia Pasini,$c1822-1823. 300 $a2 v. ;$c12°. 500 $aLegati insieme i 2 vol. 773 0 $aSegneri, Paolo $tOpere del padre Paolo Segneri.$dBrescia : Tipografia Pasini, 1822-1825.$w()31409 774 0 $tVol. 1.$g1$w()238934 774 0 $tVol. 2.$g2$w()238937 996 $6245$aPanegirici del padre Paolo Segneri della Compagnia di Gesł. Volume 1. [-2.]$9(OLS)http://semarc/title/42706 996 $6260$aBrescia :$bTipografia Pasini$9(OLS)http://semarc/publisher/36499 LEADER 00973nam a2200241 i 4500 001 000000202629 003 CaOOAMICUS 005 20110528000000.0 008 110528s2010 it u000 u ita u 013 $a181339 020 $a978-88-87240-96-2 040 $aSeMil$bita 100 1 $aParravicini, Giovanna.$0(OLS)http://semarc/name/42510 245 10$aMarija Judina :$bpił della musica /$cGiovanna Parravicini. 260 $aMilano :$bLa Casa di Matriona,$ccopyr. 2010. 300 $a170 p. ;$c21 cm. 650 4$aJudina, Marija .$0(OLS)http://semarc/subject/38100 850 $aSeMil 852 $aSeMil$W1$xVenegono$y1$m332 6 *$j153136$B153136$CSeMilBibl$Z2$F164138 $81 961 $aOmaggio: Conti don Ermenegildo 996 $6020$a978-88-87240-96-2$9(OLS)http://semarc/number/195620 996 $6245$aMarija Judina :$bpił della musica$9(OLS)http://semarc/title/293292 996 $6260$aMilano :$bLa Casa di Matriona$9(OLS)http://semarc/publisher/30246